Television advertising and televangelism : discourse analysis of persuasive language /

Bibliographic Details
Main Author: Schmidt, Rosemarie
Other Authors: Kess, Joseph F.
Format: Book
Language:English
Published: Amsterdam ; Philadelphia : J. Benjamins Pub. Co., 1986.
Series:Pragmatics & beyond ; VII:5.
Subjects:

MARC

Tag First Indicator Second Indicator Subfields
LEADER 00000cam a2200000 a 4500
001 in00000009353
005 20151007051529.0
008 870601s1986 ne b 00010 eng
010 |a  87015812  
020 |a 1556190069 (U.S. : alk. paper) :  |c $22.00 
035 |a (OCoLC)16004761 
035 |9 AAA3437AM 
040 |a DLC  |c DLC  |d TXA  |d UtOrBLW 
049 |a TXAM  |c [A12637860] 
050 0 0 |a P301.5.P47  |b S35 1986 
082 0 |a 808.5/0141  |2 19 
100 1 |a Schmidt, Rosemarie. 
245 1 0 |a Television advertising and televangelism :  |b discourse analysis of persuasive language /  |c Rosemarie Schmidt and Joseph F. Kess. 
264 1 |a Amsterdam ;  |a Philadelphia :  |b J. Benjamins Pub. Co.,  |c 1986. 
300 |a vi, 88 pages ;  |c 22 cm. 
336 |a text  |b txt  |2 rdacontent 
337 |a unmediated  |b n  |2 rdamedia 
338 |a volume  |b nc  |2 rdacarrier 
490 1 |a Pragmatics & beyond,  |x 0166-6258 ;  |v VII:5 
504 |a Bibliography: pages [83]-88. 
650 0 |a Persuasion (Rhetoric) 
650 0 |a Television advertising  |x Language. 
650 0 |a Television in religion. 
650 0 |a Evangelistic work  |x Language. 
700 1 |a Kess, Joseph F. 
830 0 |a Pragmatics & beyond ;  |v VII:5. 
999 |a MARS 
999 f f |s 4984ee8c-af7d-347e-a1b4-645832257e34  |i 02359f4f-5f27-3b51-aff1-ceb8b50820d4  |t 0 
952 f f |p normal  |a Texas A&M University  |b College Station  |c Sterling C. Evans Library  |d Evans: Library Stacks  |t 0  |e P301.5.P47 S35 1986  |h Library of Congress classification  |i unmediated -- volume  |m A14812637860 
998 f f |a P301.5.P47 S35 1986  |t 0  |l Evans: Library Stacks